| 000 | 00422nam a2200169Ia 4500 | ||
|---|---|---|---|
| 008 | 230524s9999 xx 000 0 und d | ||
| 082 |
_a621.38 _bGUP |
||
| 100 | _aA.K.Gupta | ||
| 245 | 0 | _aPower Electronics and Introduction to drives | |
| 250 | _a1ST | ||
| 260 |
_aNEW DELHI _bDhanpat Rai _c2000 |
||
| 300 | _aVIII;408 | ||
| 500 | _aQuantity Number: 2 | ||
| 650 | _aElectrical | ||
| 700 | _a L.P.Singh | ||
| 942 | _cBK | ||
| 999 |
_c37110 _d37110 |
||